Sukupolvien nimitykset - Statistics

Yleistilastot
  • Tätä visaa on pelattu 434 kertaa
  • Keskiarvotulos 4 / 8
Vastaustilastot
Syntymävuodet Sukupolvi % Oikein
1997–2012 Z-sukupolvi
96%
1981–1999 Y-sukupolvi
92%
1965–1980 X-sukupolvi
86%
2013– Alfa-sukupolvi
52%
1946–1964 Suuret ikäluokat
32%
1928–1945 Hiljainen sukupolvi
15%
1883–1900 Kadotettu sukupolvi
8%
1901–1927 Suurin sukupolvi
7%
Ehtoja vastaavia visoja ei löytynyt
Tulosjakauma
Jokaisen tuloksen saaneiden osuus
Persentiili vastausten määrän mukaan
Tuloshistoriasi
Et ole pelannut tätä visaa